01964nam a2200361 i 4500001001000000003000900010005001700019007000300036008004100039020001500080040003000095049000900125082001300134111014700147245011000294264007200404300004400476336002700520337003300547338002800580490004700608490005000655500007300705590002600778700003900804942001400843952013700857952016600994952016801160952012601328952013101454999001701585000027952DO-SdBNP20250625114202.0ta110406s2000 dr a 000 0 spa d a8489953260 aDO-SdBNPbspacBNPHUerda aBNPD 4bP9332222 aSimposio regional incidencias de la cultura precolombina en el arte caribeño contemporáneon(1 :d1998 enero 15-17cSanto Domingo )95501910aPresencia de la cultura precolombina en el arte caribeño contemporáneo /ceditora, Mildred Canahuate. aSanto Domingo :bBanco Central de la República Dominicana,c2000. a78 páginas :bilustraciones ;c28 cm. 2rdacontentatextobtxt 2rdamediaasin mediaciónbn 2rdacarrieravolumenbnc1 aBanco Central de la República Dominicana1 aArawak de investigaciones antropológicasv1 aIncluye referencias bibliográficas y notas al pie de las páginas aInventariado, 2019/BT1 aCanahuate, Mildred,eeditor955020 2ddccLBS1 00102ddc56708DSaBNPHUbBNPHUcCTd2013-07-31l0oBNPHU DS P933p27952-30r2020-06-25te.3w2020-06-25yLBS1ZPréstamo en sala 00102ddc56708DSaBNPHUbBNPHUcCTd2013-11-28eDonado por el Banco Centrall0oBNPHU DS P933p27952-40r2020-06-25te.4w2020-06-25yLBS1ZPréstamo en sala 00102ddc56708DSaBNPHUbBNPHUcCTd2019-07-30eDonado por Carla Gutiérrezl0oBNPHU DS P933p27952-50r2020-06-25te.5w2020-06-25yLBS1ZPréstamo en sala 00102ddc51708PDaBNPHUbBNPHUcCTd2011-04-06l0oBNPHU PD P933p27952-10r2020-06-25w2020-06-25yLBS1ZNo se presta 00102ddc51708PDaBNPHUbBNPHUcHDd2011-04-07l0oBNPHU PD P933p27952-20r2020-06-25te.2w2020-06-25yLBS1ZNo se presta c27444d27444